Score 0/8 Timer 02:00
0 Plays Today
% Correct
DREAD
74.7%
LASER
72%
SHEAR
68.5%
IOTAS
64%
SLIDE
62.7%
MEETS
61.5%
ATARE
59.9%
TRAIN
55.9%
Remove Ads.
Support Sporcle.
Get the best of Sporcle when you Go Orange. This ad-free experience offers more features, more stats, and more fun while also helping to support Sporcle. Thank you for becoming a member.

You're not logged in!

Compare scores with friends on all Sporcle quizzes.
OR
Log In

Show Comments

Extras

Top Quizzes Today


Score Distribution

Your Account Isn't Verified!

In order to create a playlist on Sporcle, you need to verify the email address you used during registration. Go to your Sporcle Settings to finish the process.

Report this User

Report this user for behavior that violates our Community Guidelines.

Details: